Medical device interoperability framework (Record no. 13426)
[ view plain ]
| 000 -LEADER | |
|---|---|
| fixed length control field | 00438nam a22001337a 4500 |
| 082 ## - DEWEY DECIMAL CLASSIFICATION NUMBER | |
| Classification number | MSIT-13 MAH |
| 100 ## - MAIN ENTRY--PERSONAL NAME | |
| Personal name | Asiah Mahmood |
| 9 (RLIN) | 23873 |
| 245 ## - TITLE STATEMENT | |
| Title | Medical device interoperability framework |
| 260 ## - PUBLICATION, DISTRIBUTION, ETC. | |
| Place of publication, distribution, etc. | Islamabad |
| Name of publisher, distributor, etc. | NUST-SEECS |
| Date of publication, distribution, etc. | 2015 |
| 300 ## - PHYSICAL DESCRIPTION | |
| Extent | 38p. |
| Other physical details | ill.; |
| Accompanying material | CD ROM |
| 500 ## - GENERAL NOTE | |
| General note | Dr. Khalid Latif, Dr. Farooq Ahmad, Dr. Hamid Mukhtar, Dr. Zahid Anwar |
| 856 ## - ELECTRONIC LOCATION AND ACCESS | |
| Uniform Resource Identifier | <a href="http://10.250.8.41:8080/xmlui/handle/123456789/10082">http://10.250.8.41:8080/xmlui/handle/123456789/10082</a> |
| 942 ## - ADDED ENTRY ELEMENTS (KOHA) | |
| Koha item type | Project Report |
| Source of classification or shelving scheme | |
| Withdrawn status | Lost status | Damaged status | Not for loan | Collection code | Permanent Location | Current Location | Shelving location | Date acquired | Total Checkouts | Full call number | Barcode | Date last seen | Price effective from | Koha item type |
|---|---|---|---|---|---|---|---|---|---|---|---|---|---|---|
| Central Library (CL) | Central Library (CL) | Reference | 12/15/2015 | MSIT-13 MAH | SEECSP01799 | 12/15/2015 | 12/15/2015 | Project Report |
